Wars And The People In Them - Statistics

General Stats
  • This quiz has been taken 32 times
    15 since last reset
  • The average score is 13 of 20
Answer Stats
People War % Correct
Lawrence Of Arabia & The Red Baron First World War
100%
Joan Of Arc Hundred Years' War
100%
Florence Nightingale & Leo Tolstoy Crimean War
89%
Neil Armstrong & Buzz Aldrin Korean War
78%
Hannibal Second Punic War
78%
Francisco Franco Spanish Civil War
78%
Saladin The Crusades
78%
Odysseus Trojan War
78%
Horatio Nelson Napoleonic Wars
67%
Teddy Roosevelt Spanish-American War
67%
William Tecumseh Sherman U.S. Civil War
67%
Benedict Arnold American Revolution
56%
Harold II Norman Conquest
56%
Lyudmila Pavlichenko & Audie Murphy Second World War
56%
John Kerry & Al Gore VietNam War
56%
Pat Tillman U.S.-Afghan War
44%
Oliver Hazard Perry War Of 1812
44%
Harry "Breaker" Harbord Morant Second Boer War
33%
Stephen Decatur, Jr. Barbary Wars
22%
Pancho Villa Mexican Revolution
22%
No matching quizzes found
Score Distribution
Percent of People with Each Score
Percentile by Number Answered
Your Score History
You have not taken this quiz since the last reset